|
|
|
|
| LEADER |
01280nam a22002051a 4500 |
| 082 |
|
|
|a M 294.592 307
|b KUT/B
|
| 100 |
|
|
|a Kuttikrishna Marar
|9 110809
|
| 245 |
|
|
|a Bharataparyatanam :
|b a critical study of Mahabharatam/
|c by Kuttikrishna Marar
|
| 260 |
|
|
|a Kozhikode:
|b Marar Sahithya Prakasam,
|c 1998.
|
| 300 |
|
|
|a 224p.
|
| 650 |
|
|
|a Mahabharata Study
|9 110810
|
| 650 |
|
|
|a Hinduism
|9 110811
|
| 650 |
|
|
|a Religion
|9 110812
|
| 942 |
|
|
|c BK
|
| 999 |
|
|
|c 4801
|d 4801
|
| 952 |
|
|
|0 0
|1 0
|4 0
|6 M_294_592000000000000_307_KUT_B
|7 0
|9 7323
|a SSUS
|b SSUS
|c STACKS
|d 2015-01-08
|g 75.00
|o M 294.592 307 KUT/B
|p 006390
|r 2015-01-08
|v 0.00
|w 2015-01-08
|y BK
|
| 952 |
|
|
|0 0
|1 0
|4 0
|6 M_294_592000000000000_307_KUT_B
|7 0
|9 7324
|a SSUS
|b SSUS
|d 2015-01-08
|g 75.00
|o M 294.592 307 KUT/B
|p 006389
|r 2015-01-08
|v 0.00
|w 2015-01-08
|y BK
|
| 952 |
|
|
|0 0
|1 0
|4 0
|6 M_294_592000000000000_307_KUT_B
|7 0
|9 7325
|a SSUS
|b SSUS
|d 2015-01-08
|g 75.00
|o M 294.592 307 KUT/B
|p 010468
|r 2015-01-08
|v 0.00
|w 2015-01-08
|y BK
|
| 952 |
|
|
|0 0
|1 0
|4 0
|6 M_294_592000000000000_307_KUT_B
|7 0
|9 7326
|a SSUS
|b SSUS
|d 2015-01-08
|g 45.00
|l 15
|o M 294.592 307 KUT/B
|p 002490
|r 2020-11-17
|s 2020-03-13
|v 0.00
|w 2015-01-08
|y BK
|
| 952 |
|
|
|0 0
|1 0
|4 0
|6 M_294_592000000000000_307_KUT_B
|7 0
|9 7327
|a SSUS
|b SSUS
|c STACKS
|d 2018-08-04
|g 75.00
|l 6
|m 1
|o M 294.592 307 KUT/B
|p 091411
|r 2020-01-21
|s 2019-12-17
|w 2018-08-04
|y BK
|